00234 a2200085 4500000002500000020001900025100002600044245004000070260003800110 nam a22 7a 4500 a97806912086619 aCampanella, Thomas J. aBrooklyn : the once and future city bPrinceton University Press,c2019